[Event "GER-ch U10"]
[Site "Willingen"]
[Date "2021.08.24"]
[Round "4"]
[White "Schroeder, Hannes Artur"]
[Black "Guo, Felix"]
[Result "0-1"]
[WhiteElo "961"]
[BlackElo "1045"]
[PlyCount "58"]
[EventDate "2021.08.22"]
[EventType "swiss"]
[EventRounds "11"]
[EventCountry "GER"]
[SourceTitle "EXT 2022"]
[Source "ChessBase"]
[SourceDate "2021.10.06"]
[SourceVersion "1"]
[SourceVersionDate "2021.10.06"]
[SourceQuality "1"]

1. d4 d6 2. Bf4 Nf6 3. e3 g6 4. Nf3 Bg7 5. Nbd2 0-0 6. c3 Nbd7 7. Bd3 Nh5 8. Bg5 c5 9. 0-0 Nhf6 10. Re1 Qb6 11. Nc4 Qc7 12. e4 b5 13. Na3 a6 14. e5 Nd5 15. Be4 Bb7 16. Bxd5 Bxd5 17. exd6 exd6 18. Be7 Rfe8 19. h3 Bb7 20. b4 cxd4 21. cxd4 Nf6 22. Rc1 Qd7 23. Bxf6 Rxe1+ 24. Qxe1 Bxf6 25. Nb1 Bxf3 26. gxf3 Qxh3 27. Nd2 Bxd4 28. Rc6 Be5 29. Qf1 Qh2# 0-1

[Event "Heusenstamm Sparkassen op U14 6th"]
[Site "Heusenstamm"]
[Date "2019.11.23"]
[Round "2"]
[White "Akcapinar, Timur"]
[Black "Guo, Felix"]
[Result "0-1"]
[WhiteElo "1106"]
[BlackElo "1045"]
[PlyCount "88"]
[EventDate "2019.11.21"]
[EventType "swiss"]
[EventRounds "7"]
[EventCountry "GER"]
[SourceTitle "CBM 194 Extra"]
[Source "ChessBase"]
[SourceDate "2020.03.31"]
[SourceVersion "1"]
[SourceVersionDate "2020.03.31"]
[SourceQuality "1"]

1. e4 e5 2. Nf3 Nc6 3. d4 exd4 4. Nxd4 Bc5 5. Be3 Qf6 6. c3 Nge7 7. Bc4 0-0 8. 0-0 d6 9. Nxc6 Nxc6 10. Bxc5 dxc5 11. Na3 Re8 12. Re1 Ne5 13. Nb5 Nxc4 14. Nxc7 Be6 15. Nxe8 Rxe8 16. Qa4 Rf8 17. Qxa7 Nxb2 18. Qxc5 Nd3 19. Qe3 Nxe1 20. Rxe1 Bxa2 21. Ra1 Qd6 22. h3 Bc4 23. Qa7 Ba6 24. Qe3 Rc8 25. e5 Qc5 26. Qe4 Qxc3 27. Re1 Re8 28. Rd1 g6 29. Rd5 f6 30. f4 b5 31. Rd6 fxe5 32. Rxa6 Qc1+ 33. Kh2 Qxf4+ 34. Qxf4 exf4 35. Rb6 Re5 36. Rb8+ Kg7 37. Rb7+ Kh6 38. g4 Re2+ 39. Kg1 Rb2 40. h4 f3 41. g5+ Kh5 42. Rxh7+ Kg4 43. h5 Kg3 44. hxg6 Rb1# 0-1

[Event "Heusenstamm Sparkassen op U14 6th"]
[Site "Heusenstamm"]
[Date "2019.11.23"]
[Round "4"]
[White "Richter, Johanna"]
[Black "Guo, Felix"]
[Result "1-0"]
[WhiteElo "1002"]
[BlackElo "1045"]
[PlyCount "121"]
[EventDate "2019.11.21"]
[EventType "swiss"]
[EventRounds "7"]
[EventCountry "GER"]
[SourceTitle "CBM 194 Extra"]
[Source "ChessBase"]
[SourceDate "2020.03.31"]
[SourceVersion "1"]
[SourceVersionDate "2020.03.31"]
[SourceQuality "1"]

1. d4 Nf6 2. Nf3 d5 3. Bf4 Nc6 4. e3 Bf5 5. Bd3 Bg6 6. c3 e6 7. Qc2 Ne4 8. Nbd2 Nxd2 9. Qxd2 a5 10. a4 Nb4 11. Bxg6 hxg6 12. 0-0 Nc6 13. g3 Bd6 14. Bxd6 Qxd6 15. Rfb1 e5 16. Qe2 e4 17. Nd2 Qe6 18. Qf1 Qg4 19. Qg2 Ne7 20. b4 Nf5 21. Qf1 Nh4 22. Qb5+ c6 23. Qf1 Nf3+ 24. Nxf3 exf3 25. Re1 Qh5 26. h4 g5 27. Qh3 gxh4 28. e4 Qg6 29. exd5+ Kf8 30. dxc6 Qxc6 31. Re3 Kg8 32. b5 Qf6 33. Rae1 Qh6 34. Re8+ Rxe8 35. Rxe8+ Kh7 36. Rxh8+ Kxh8 37. Qxh4 Qxh4 38. gxh4 Kg8 39. Kh2 Kf8 40. Kg3 Ke7 41. Kxf3 Kd6 42. Ke4 Ke6 43. c4 f5+ 44. Kf4 b6 45. c5 bxc5 46. dxc5 Kd7 47. Kxf5 Kc7 48. Kg6 Kb7 49. Kxg7 Kc7 50. h5 Kd7 51. h6 Kc7 52. h7 Kd7 53. h8Q Kc7 54. Qe8 Kb7 55. Qc6+ Kb8 56. Kf7 Ka7 57. Ke7 Kb8 58. Kd7 Ka7 59. Qd6 Ka8 60. Kc8 Ka7 61. Qb8# 1-0